Statistics for 1960s Albums (Medium)

Click here to take the quiz!

General Stats

  • This quiz has been taken 107 times
    (58 since last reset)
  • The average score is 13 of 20

Answer Stats

Answer% Correct
Revolver - The Beatles
96%
Bookends - Simon & Garfunkel
95%
Blonde on Blonde - Bob Dylan
93%
From Elvis in Memphis - Elvis Presley
91%
Pet Sounds - The Beach Boys
91%
Aftermath - The Rolling Stones
82%
The Animals - The Animals
70%
Disraeli Gears - Cream
68%
Green River - Creedence Clearwater Revival
68%
Songs of Leonard Cohen - Leonard Cohen
64%
Dusty in Memphis - Dusty Springfield
59%
Surrealistic - Jefferson Airplane
59%
Along Came Jones - Tom Jones
55%
Ain't That Good News - Sam Cooke
50%
The Band - The Band
50%
Just Once In My Life - The Righteous Brothers
48%
Astral Weeks - Van Morrison
46%
The Kinks Are the Village Green Preservation Society - The Kinks
46%
Turn! Turn! Turn! - The Byrds
39%
The Second - Steppenwolf
20%

Score Distribution

Percentile by Number Answered

Percent of People with Each Score

Your Score History

You have not taken this quiz since the last reset